| 000 | 02316cam a2200205 4500 | ||
|---|---|---|---|
| 001 | L127365 | ||
| 008 | 040914n2009 000 0 eng u | ||
| 020 | _a9781444302370 | ||
| 035 | _a(Sirsi) u127365 | ||
| 100 | _aBarrett, Keith | ||
| 245 |
_aDefective construction work _band the project team _h[electronic resource] |
||
| 260 |
_aOxford _bWiley-Blackwells _c2009 |
||
| 505 | 2 | _a1. Definition and Categorisation of Defects -- 2. Common Law, Statutory and Contractual Rights -- 3. Contracts: An Overview -- 4. No Contract/Restitution -- 5. Letters of Intent -- 6. Tort: An Overview 8. Third Party Rights -- 9. Statutory Requirements -- 10. The Builder's Obligations: Design, Workmanship and Materials -- 11. The Builder's Obligations: Defects Before Completion -- 12. The Builder's Obligations: Defects at Completion -- 13. The Builder's Obligations: Defects Post Completion -- 14. The Professional Team -- 15. Architects and Engineers -- 16. Project Managers, Surveyors and Others -- 17. Compensation -- 18. Termination -- 19. Limitation -- 20. Dispute Resolution | |
| 520 | _aDefective construction work, whether the result of inadequate design, faulty workmanship or poor materials - or some combination of these failings - is a frequent cause of legal disputes. Someone is usually to blame, either the builder or one or more of the professional consultants, or even the entire project team. It is important therefore that the project team should possess a good working knowledge of their responsibilities and liabilities. Written by a solicitor with over twenty years of experience of building disputes, this book examines the responsibilities and liabilities of the project team when defects occur. It sets out the background role of the common law and statute and includes detailed discussion of important case law affecting the construction process from inception through to completion, together with a consideration of the impact of letters of intent, 'no contract' situations, and specific provisions of model conditions of contract. | ||
| 590 | _aka | ||
| 650 | 2 | 4 | _aEBOOK |
| 690 | _aMANAGEMENT-DISPUTE AVOIDANCE, MANAGEMENT AND RESOLUTION-DISPUTE MANAGEMENT AND RESOLUTION | ||
| 856 | 4 | 0 |
_uhttps://www.vlebooks.com/ _zView on VLEbooks. Logins for members only from [email protected] |
| 942 | _n0 | ||
| 999 |
_c103759 _d103759 |
||